00305nam a2200121Ia 4500008004100000041000800041082001700049100001900066245002300085260004200108300002400150365000900174240624s9999 xx 000 0 und d aeng a332.6457 ANS aANSON MARK J P aCREDIT DERIVATIVES c2003aNew JerseybJohn Wiley and Sons a341 : p. : cm. ; 24 cb30